000 00517nam a2200193Ia 4500
005 20250923145406.0
008 008 250917s9999 xx 000 0 eng d
037 _aTextual
040 _aDSWL
_beng
_cDSWL
041 _aeng
_2eng
084 _az2, N64;1
_qDSWL
245 0 _aContemprary India
_c Ed.by B.N. Varma
260 _aBombay
_bAsia Pub. House
_c1964
300 _axv,362 p.
365 _aINR
_b22 . 0
925 _g22 . 0
942 _cTEXL
_hz2, N64;1
999 _c1450818
_d1450818